| 000 | 01224nam a2200289 a 4500 | ||
|---|---|---|---|
| 001 | BRCA_2752 | ||
| 005 | 20190320203944.0 | ||
| 008 | 051208s1900----mx-a---###---#000-0#spa-u | ||
| 041 | _aspa | ||
| 044 | _amx | ||
| 084 |
_a238 _b.M86 _c1900 |
||
| 100 | 1 |
_aCervantes Saavedra, Miguel de _d1547-1616 _9213 |
|
| 245 | 1 | 0 |
_aEl Ingenioso Hidalgo Don Quijote de la Mancha _cescrito por Miguel de Cervantes Saavedra. |
| 260 |
_aMéxico _bTalleres de tipografía y grabados El Mundo _c1900 |
||
| 300 |
_a500 p. _bil. _c39 cm. |
||
| 500 | _aContenido : Primera parte. Retrato de Cervantes. Prólogo del autor. Texto. Segunda parte. Prólogo del autor. Texto | ||
| 500 | _aEdición : Con las mejores ilustraciones que se conocen. Escudo de la edición príncipe | ||
| 500 | _aEjemplar igual al LO-237. Semipiel; lomera decorada con filetes dorados Lúdovik Osterc | ||
| 500 | _aQMR123 | ||
| 650 | 1 | 4 |
_aNovela española _yÉpoca clásica, 1500-1700 _9215 |
| 650 | 1 | 4 |
_aLiteratura española _yÉpoca clásica, 1500-1700 _9216 |
| 650 | 1 | 4 |
_aNovela española _ySiglo XVII _9217 |
| 650 | 1 | 4 |
_aDon Quijote (Personaje ficticio) _eNovela _9218 |
| 740 | 0 | _aEl Ingenioso Hidalgo Don Quijote de la Mancha | |
| 902 | _aQFM | ||
| 942 |
_2lcc _cB |
||
| 999 |
_c2492 _d2492 |
||